[Event "Pszczyna op"]
[Site "Pszczyna"]
[Date "2009.07.18"]
[Round "8"]
[White "Kostrzewski, Jakub"]
[Black "Gromada, Andrzej"]
[Result "1-0"]
[WhiteElo "1606"]
[BlackElo "1957"]
[PlyCount "109"]
[EventDate "2009.07.14"]
[EventType "swiss"]
[EventRounds "9"]
[EventCountry "POL"]
[SourceTitle "CBM 131 Extra"]
[Source "ChessBase"]
[SourceDate "2009.09.03"]
[SourceVersion "2"]
[SourceVersionDate "2009.09.16"]
[SourceQuality "1"]

1. e4 c5 2. Nf3 d6 3. Nc3 Nf6 4. Bc4 Nc6 5. d3 a6 6. 0-0 Bg4 7. Nd5 e6 8. Ne3 Bh5 9. h3 Be7 10. c3 0-0 11. Nc2 d5 12. exd5 exd5 13. Bb3 b5 14. c4 d4 15. Qe2 Re8 16. Nce1 Bd6 17. Qd2 Ra7 18. Bd1 bxc4 19. dxc4 Ne4 20. Qc2 Bg6 21. Qa4 Ne7 22. Bc2 f5 23. Nd3 Qb8 24. Ng5 h6 25. Ne6 Bf7 26. Bf4 Bxe6 27. Bxd6 Nxd6 28. Nxc5 Bxc4 29. Rfe1 Bb5 30. Qxd4 Bc4 31. Ba4 Rd8 32. Rad1 Bf7 33. Qh4 Ng6 34. Qg3 f4 35. Qg4 Nb5 36. Ne6 Rxd1 37. Rxd1 Qe5 38. Rd8+ Kh7 39. Nf8+ Nxf8 40. Rxf8 g5 41. Qc8 Kg7 42. Rh8 Qe7 43. Bc2 Bg6 44. Qg8+ Kf6 45. Qxg6+ Ke5 46. Re8 Nd6 47. Rxe7+ Rxe7 48. Qxh6 Nf7 49. Qxa6 Nd6 50. Bb3 Ne4 51. Qa5+ Kf6 52. Qb6+ Ke5 53. f3 Ng3 54. Qc5+ Kf6 55. Qd6+ 1-0

[Event "Pszczyna op"]
[Site "Pszczyna"]
[Date "2009.07.14"]
[Round "2"]
[White "Fraczek, Leslaw"]
[Black "Kostrzewski, Jakub"]
[Result "1-0"]
[WhiteElo "1908"]
[BlackElo "1606"]
[PlyCount "51"]
[EventDate "2009.07.14"]
[EventType "swiss"]
[EventRounds "9"]
[EventCountry "POL"]
[SourceTitle "CBM 131 Extra"]
[Source "ChessBase"]
[SourceDate "2009.09.03"]
[SourceVersion "2"]
[SourceVersionDate "2009.09.16"]
[SourceQuality "1"]

1. d4 d6 2. c4 Nf6 3. Nc3 g6 4. g3 Bg7 5. Bg2 Nc6 6. Nf3 Bf5 7. d5 Nb4 8. Qa4+ Nd7 9. Qxb4 Rb8 10. e4 Bg4 11. 0-0 0-0 12. Be3 b6 13. Nb5 a5 14. Qd2 Ne5 15. Nxe5 Bxe5 16. f4 Bg7 17. f5 gxf5 18. exf5 e6 19. fxe6 fxe6 20. Rxf8+ Qxf8 21. Rf1 Qe7 22. Nd4 Rf8 23. Rxf8+ Bxf8 24. dxe6 c5 25. Nc6 Qe8 26. e7 1-0